Online
Catalog

Más oscuro / (Record no. 55074)

MARC details
000 -CABECERA
campo de control de longitud fija 01902cam a2200313 i 4500
003 - IDENTIFICADOR DEL NÚMERO DE CONTROL
campo de control DO-SdBNP
005 - FECHA Y HORA DE LA ÚLTIMA TRANSACCIÓN
campo de control 20231004135146.0
007 - CAMPO FIJO DE DESCRIPCIÓN FÍSICA--INFORMACIÓN GENERAL
campo de control de longitud fija ta
008 - DATOS DE LONGITUD FIJA--INFORMACIÓN GENERAL
campo de control de longitud fija 751003s2017 sp 000 f spa d
020 ## - NÚMERO INTERNACIONAL ESTÁNDAR DEL LIBRO
Número Internacional Estándar del Libro 9788425393815
040 ## - FUENTE DE LA CATALOGACIÓN
Centro catalogador/agencia de origen DO-SdBNP
Lengua de catalogación spa
Centro/agencia transcriptor BNPHU
Normas de descripción rda
082 #4 - NÚMERO DE LA CLASIFICACIÓN DECIMAL DEWEY
Número de documento/Ítem J27
Número de edición 22
100 1# - ENTRADA PRINCIPAL--NOMBRE DE PERSONA
Nombre de persona James, E. L.
Fechas asociadas al nombre 1963-
Forma completa/desarrollada del nombre Erika Leonard Mitchell,
9 (RLIN) 84367
240 10 - TÍTULO UNIFORME
Título uniforme Darker /
Lenguaje de la obra Español
245 10 - MENCIÓN DE TÍTULO
Título Más oscuro /
Mención de responsabilidad, etc. E. L. James ; traducción Anuvela
246 1# - FORMA VARIANTE DE TÍTULO
Título propio/Titulo breve Más oscuro :
Resto del título cincuenta sobras más oscuras contada por Christian /
264 #1 - PRODUCCIÓN, PUBLICACIÓN, DISTRIBUCIÓN, FABRICACIÓN Y COPYRIGHT
Producción, publicación, distribución, fabricación y copyright Barcelona, España :
Nombre del de productor, editor, distribuidor, fabricante Penguin Random House,
-- Grijalbo
Fecha de producción, publicación, distribución, fabricación o copyright 2017.
300 ## - DESCRIPCIÓN FÍSICA
Extensión 633 páginas
Dimensiones 23 cm.
336 ## - TIPO DE CONTENIDO
Fuente rdacontent
Término de tipo de contenido texto
Código de tipo de contenido txt
337 ## - TIPO DE MEDIO
Fuente rdamedia
Nombre/término del tipo de medio sin mediación
Código del tipo de medio n
338 ## - TIPO DE SOPORTE
Fuente rdacarrier
Nombre/término del tipo de soporte volumen
Código del tipo de soporte nc
500 ## - NOTA GENERAL
Nota general Incluye datos biográficos de la autora en la solapa de la contracubierta.
500 ## - NOTA GENERAL
Nota general Papel certificado por el Forest Stewardship Council.
520 ## - SUMARIO, ETC.
Sumario, etc. Aunque aquella ardiente y sensual relación acabó marcada por el sufrimiento y los reproches. Christian Grey no logra quitarse a Anastasia de la cabeza ni del corazón. Decidido a recuperarla y a amarla aceptando sus condiciones, intenta reprimir sus deseos más oscuros y la necesidad de tenerlo todo bajo su control. Sin embargo, las pesadillas de la infancia no dejan de perseguirle y además, el insidioso jefe de Ana, Jack Hyde, claramente la quiere para él. ¿Podrá el doctor Flynn, psicólogo y confidente de Christian, ayudarle a enfrentarse a sus propios fantasmas, o acabarán la posesiva y seductora maestra Elena y la perturbada Leila, su devota y anterior sumisa, arrastrando a Grey al pasado? Y si finalmente consigue recuperar a Ana,¿será capaz, un hombre tan oscuro y lastimado, de retenerla a su lado?
590 ## - NOTA LOCAL (RLIN)
Nota local Inventariado, 2023/ YL
710 ## - PUNTO DE ACCESO ADICIONAL--NOMBRE DE ENTIDAD CORPORATIVA
Nombre de entidad corporativa o nombre de jurisdicción como elemento de entrada Anuvela
Término indicativo de función/relación traducción
9 (RLIN) 84375
910 ## - DATOS DE OPCIÓN DEL USUARIO (OCLC)
Datos de opción del usuario Ylockward
942 ## - ELEMENTOS DE PUNTO DE ACCESO ADICIONAL (KOHA)
Fuente del sistema de clasificación o colocación Dewey Decimal Classification
Tipo de ítem Koha Libro
Holdings
Estado de retiro Estado de pérdida Fuente del sistema de clasificación o colocación Restricciones de uso No para préstamo Código de colección Localización permanente Ubicación/localización actual Ubicación en estantería Fecha de adquisición Fuente de adquisición Total de préstamos Signatura topográfica completa Código de barras Fecha visto por última vez Precio válido a partir de Tipo de ítem Koha Número de copia
    Dewey Decimal Classification Préstamo en sala   General Biblioteca Nacional Pedro Henríquez Ureña Biblioteca Nacional Pedro Henríquez Ureña En catalogación 02.02.2019 Librería Cuesta   BNPHU GR J27 2023-6665 04.10.2023 04.10.2023 Libro  
    Dewey Decimal Classification Préstamo en sala   General Biblioteca Nacional Pedro Henríquez Ureña Biblioteca Nacional Pedro Henríquez Ureña En catalogación 02.02.2019 Librería Cuesta   BNPHU GR J27 2023-6666 04.10.2023 04.10.2023 Libro e. 2
    Dewey Decimal Classification Préstamo en sala   General Biblioteca Nacional Pedro Henríquez Ureña Biblioteca Nacional Pedro Henríquez Ureña En catalogación 02.02.2019 Librería Cuesta   BNPHU GR J27 2023-6667 04.10.2023 04.10.2023 Libro e. 3

Powered by Koha